[Event "Kolkata Millenium op"]
[Site "Kolkata"]
[Date "1999.??.??"]
[Round "?"]
[White "Satyakam, S."]
[Black "Sandeepan, Chanda"]
[Result "0-1"]
[WhiteElo "2140"]
[BlackElo "2314"]
[PlyCount "60"]
[EventDate "1999.??.??"]
[EventType "swiss"]
[EventRounds "9"]
[EventCountry "IND"]
[SourceTitle "EXT 2003"]
[Source "ChessBase"]
[SourceDate "2002.11.25"]
[SourceVersion "1"]
[SourceVersionDate "2002.11.25"]
[SourceQuality "1"]

1. e4 c5 2. Nc3 Nc6 3. g3 g6 4. Bg2 Bg7 5. d3 d6 6. f4 e6 7. Nf3 Nge7 8. 0-0 0-0 9. a4 b6 10. Ne2 Rb8 11. c3 Ba6 12. Rf2 d5 13. e5 f6 14. d4 fxe5 15. dxe5 Qc7 16. g4 Rbd8 17. Ng3 d4 18. Qe1 Na5 19. Ng5 Qd7 20. N3e4 h6 21. Nf3 Nb3 22. Ra3 Nxc1 23. Qxc1 dxc3 24. Nxc3 Nd5 25. Nxd5 Qxd5 26. Nd2 Qd4 27. Raf3 Bb7 28. Rd3 Qxd3 29. Bxb7 Qe3 30. Qc3 Rd3 0-1

[Event "Wch U20 37th"]
[Site "Calicut"]
[Date "1998.11.26"]
[Round "9"]
[White "Dervishi, Erald"]
[Black "Sandeepan, Chanda"]
[Result "1/2-1/2"]
[WhiteElo "2430"]
[BlackElo "2130"]
[PlyCount "125"]
[EventDate "1998.11.17"]
[EventType "swiss"]
[EventRounds "13"]
[EventCountry "IND"]
[SourceTitle "CBM 067 Extra"]
[Source "ChessBase"]
[SourceDate "1999.01.01"]
[SourceVersion "1"]
[SourceVersionDate "1999.01.01"]
[SourceQuality "1"]

1. e4 c5 2. Nf3 e6 3. d4 cxd4 4. Nxd4 Nf6 5. Nc3 d6 6. Be2 a6 7. a4 Nc6 8. Be3 Be7 9. 0-0 0-0 10. f4 Qc7 11. Kh1 Re8 12. Bf3 Rb8 13. g4 Nxd4 14. Bxd4 e5 15. Ba7 Ra8 16. Be3 exf4 17. Bxf4 Be6 18. g5 Nd7 19. Nd5 Bxd5 20. exd5 Bf8 21. Bg2 Ne5 22. Ra3 g6 23. Rh3 Bg7 24. Qd2 Rac8 25. Qf2 Qxc2 26. Qh4 Rc4 27. b3 Rd4 28. Qxh7+ Kf8 29. Rhf3 Rd1 30. Rxd1 Qxd1+ 31. Rf1 Qd3 32. Qh3 Qd4 33. Bc1 Ke7 34. Be3 Qd3 35. Bb6 Qd2 36. Qe3 Qxe3 37. Bxe3 Ng4 38. Bb6 Rh8 39. h3 Ne5 40. Rc1 Rh4 41. Rc7+ Nd7 42. Rxb7 Bc3 43. Be3 Rb4 44. Rxb4 Bxb4 45. Be4 Nc5 46. Bc2 Kd7 47. Kg2 Ke7 48. Kf3 Nd7 49. Ke2 Ne5 50. Be4 Kd7 51. Bd3 a5 52. Bb5+ Kc7 53. Bd4 Kd8 54. Ke3 Be1 55. Ke4 Bd2 56. h4 Be1 57. Be2 Bxh4 58. Bb6+ Kc8 59. Bxa5 Bg3 60. Bb6 f5+ 61. Kd4 Kb7 62. Ba5 Bh4 63. Bd2 1/2-1/2

[Event "Wch U20 37th"]
[Site "Calicut"]
[Date "1998.11.24"]
[Round "7"]
[White "Sandeepan, Chanda"]
[Black "Dovramadjiev, Tihomir"]
[Result "1-0"]
[WhiteElo "2130"]
[BlackElo "2210"]
[PlyCount "37"]
[EventDate "1998.11.17"]
[EventType "swiss"]
[EventRounds "13"]
[EventCountry "IND"]
[SourceTitle "CBM 067 Extra"]
[Source "ChessBase"]
[SourceDate "1999.01.01"]
[SourceVersion "1"]
[SourceVersionDate "1999.01.01"]
[SourceQuality "1"]

1. e4 c5 2. Nf3 Nc6 3. Bb5 g6 4. c3 Bg7 5. d4 Qb6 6. Bc4 cxd4 7. 0-0 e6 8. cxd4 Nxd4 9. Nc3 a6 10. Be3 Nxf3+ 11. Qxf3 Qb4 12. Bb3 Ne7 13. Na4 Nc6 14. Bc5 Qa5 15. Rfd1 Bf8 16. Qf6 Rg8 17. Bb6 Qe5 18. Qxe5 Nxe5 19. Bc7 1-0